[Event "Rottach Egern Seniors Cup 11th"]
[Site "Rottach Egern"]
[Date "2023.04.17"]
[Round "3"]
[White "Schumacher, Ursula"]
[Black "Wraga, Hermann"]
[Result "1/2-1/2"]
[WhiteElo "1499"]
[BlackElo "1740"]
[PlyCount "53"]
[EventDate "2023.04.15"]
[EventType "swiss"]
[EventRounds "9"]
[EventCountry "GER"]
[SourceTitle "EXT 2024"]
[Source "ChessBase"]
[SourceDate "2023.10.10"]
[SourceVersion "1"]
[SourceVersionDate "2023.10.10"]
[SourceQuality "1"]

1. c4 e5 2. Nc3 Nc6 3. Nf3 g6 4. g3 Bg7 5. Bg2 d6 6. d3 f5 7. 0-0 Nf6 8. a3 a5 9. h3 0-0 10. e3 h6 11. Rb1 Ne7 12. b4 axb4 13. axb4 c6 14. b5 Bd7 15. Qb3 Kh7 16. Ba3 Be6 17. Qb4 c5 18. Qb3 g5 19. Nd2 Rb8 20. Bc1 f4 21. Nce4 f3 22. Bxf3 Bxh3 23. Bg2 Bxg2 24. Kxg2 Kg6 25. Nxf6 Bxf6 26. e4 Bg7 27. Qd1 1/2-1/2

[Event "Rottach Egern Seniors Cup 10th"]
[Site "Rottach Egern"]
[Date "2022.03.26"]
[Round "1"]
[White "Schumacher, Ursula"]
[Black "Sand, Rolf"]
[Result "0-1"]
[WhiteElo "1526"]
[BlackElo "1926"]
[PlyCount "52"]
[EventDate "2022.03.26"]
[EventType "swiss"]
[EventRounds "9"]
[EventCountry "GER"]
[SourceTitle "CBM 207 Extra"]
[Source "ChessBase"]
[SourceDate "2022.05.31"]
[SourceVersion "1"]
[SourceVersionDate "2022.05.31"]
[SourceQuality "1"]

1. c4 c5 2. Nc3 Nf6 3. Nf3 d5 4. cxd5 Nxd5 5. g3 Nc6 6. e3 Nc7 7. Bg2 e5 8. d3 Be7 9. a3 Be6 10. 0-0 0-0 11. Ne1 Qd7 12. Bd2 Rac8 13. Rc1 Nd5 14. Ne4 b6 15. f4 f6 16. Nc3 Rfd8 17. Nxd5 Bxd5 18. Bxd5+ Qxd5 19. Rc3 e4 20. Qb3 f5 21. Rf2 Bf6 22. Qxd5+ Rxd5 23. dxe4 fxe4 24. Rb3 c4 25. Rc3 Bxc3 26. bxc3 Rcd8 0-1

[Event "RLP Seniors op 17th"]
[Site "Neustadt an der Weinstrasse"]
[Date "2019.07.22"]
[Round "3"]
[White "Schumacher, Ursula"]
[Black "Hauck, Bernd"]
[Result "0-1"]
[WhiteElo "1541"]
[BlackElo "1675"]
[PlyCount "64"]
[EventDate "2019.07.20"]
[EventType "swiss"]
[EventRounds "9"]
[EventCountry "GER"]
[SourceTitle "CBM 192 Extra"]
[Source "Chessbase"]
[SourceDate "2019.11.06"]
[SourceVersion "1"]
[SourceVersionDate "2019.11.06"]
[SourceQuality "1"]

1. c4 Nf6 2. Nc3 g6 3. d4 d5 4. cxd5 Nxd5 5. Nf3 Bg7 6. g3 0-0 7. Bg2 Nxc3 8. bxc3 c5 9. 0-0 Nc6 10. e3 Qc7 11. Rb1 Bg4 12. Bb2 Rfd8 13. Qa4 Bf5 14. Rbd1 Bd7 15. Qc4 e5 16. Ng5 Be8 17. Qxc5 Bf8 18. Qc4 Qb6 19. Ba1 Na5 20. Qe2 Bb5 21. Qf3 Bc4 22. Rb1 Qc7 23. Rfe1 Qe7 24. Ne4 f5 25. Nc5 e4 26. Qf4 Qf6 27. Qc7 b6 28. Nd7 Qe7 29. Nf6+ Qxf6 30. h4 Bd6 31. Rxb6 axb6 32. Qxb6 Rdb8 0-1

[Event "RLP Seniors op 17th"]
[Site "Neustadt an der Weinstrasse"]
[Date "2019.07.21"]
[Round "2"]
[White "Alvarez, Luis"]
[Black "Schumacher, Ursula"]
[Result "1-0"]
[WhiteElo "1786"]
[BlackElo "1541"]
[PlyCount "59"]
[EventDate "2019.07.20"]
[EventType "swiss"]
[EventRounds "9"]
[EventCountry "GER"]
[SourceTitle "CBM 192 Extra"]
[Source "Chessbase"]
[SourceDate "2019.11.06"]
[SourceVersion "1"]
[SourceVersionDate "2019.11.06"]
[SourceQuality "1"]

1. e4 c6 2. Nc3 d5 3. Nf3 d4 4. Ne2 c5 5. c3 d3 6. Nf4 c4 7. Qa4+ Nc6 8. Qxc4 Bg4 9. Nxd3 Bxf3 10. gxf3 e6 11. Nf4 Rc8 12. d4 a6 13. Qa4 Nf6 14. Rg1 g6 15. Nd3 Be7 16. Bh6 Nd7 17. Bg2 Nb6 18. Qd1 Bf6 19. f4 Be7 20. Qf3 Nc4 21. Bh3 Rb8 22. f5 exf5 23. exf5 Bf6 24. 0-0-0 g5 25. Rge1+ Ne7 26. Qh5 b5 27. Ne5 Nxe5 28. dxe5 Qb6 29. exf6 Qxf6 30. Bxg5 1-0

[Event "Bad Wiessee Senioren Cup 8th"]
[Site "Bad Wiessee"]
[Date "2019.05.13"]
[Round "3"]
[White "Antoniacci, Ricardo"]
[Black "Schumacher, Ursula"]
[Result "1-0"]
[WhiteElo "1786"]
[BlackElo "1518"]
[PlyCount "59"]
[EventDate "2019.05.11"]
[EventType "swiss"]
[EventRounds "9"]
[EventCountry "GER"]
[SourceTitle "EXT 2020"]
[Source "ChessBase"]
[SourceDate "2019.10.17"]
[SourceVersion "1"]
[SourceVersionDate "2019.10.17"]
[SourceQuality "1"]

1. c4 c6 2. Nc3 Nf6 3. Nf3 d5 4. e3 Nbd7 5. d4 e6 6. Bd3 Be7 7. 0-0 a6 8. Bd2 0-0 9. c5 b6 10. b4 b5 11. Qc2 h6 12. Rae1 Re8 13. h3 Qc7 14. e4 e5 15. dxe5 Nxe5 16. Nxe5 Qxe5 17. exd5 Qb8 18. d6 Bd8 19. Rxe8+ Nxe8 20. Ne4 Bd7 21. Bc3 Qc8 22. f4 f6 23. g4 f5 24. gxf5 Bxf5 25. Nf6+ Nxf6 26. Bxf5 Qb8 27. Be6+ Kh8 28. Qg6 Ra7 29. Be5 Nd5 30. d7 1-0

[Event "Bad Wiessee Senioren Cup 8th"]
[Site "Bad Wiessee"]
[Date "2019.05.11"]
[Round "1"]
[White "Kleinhenz, Hans Georg"]
[Black "Schumacher, Ursula"]
[Result "1/2-1/2"]
[WhiteElo "1873"]
[BlackElo "1518"]
[PlyCount "48"]
[EventDate "2019.05.11"]
[EventType "swiss"]
[EventRounds "9"]
[EventCountry "GER"]
[SourceTitle "EXT 2020"]
[Source "ChessBase"]
[SourceDate "2019.10.17"]
[SourceVersion "1"]
[SourceVersionDate "2019.10.17"]
[SourceQuality "1"]

1. d4 c6 2. c4 d5 3. Nf3 Nf6 4. g3 h6 5. Bg2 e6 6. 0-0 Be7 7. b3 0-0 8. Bb2 b6 9. Ne5 Bb7 10. Nd2 Nbd7 11. Qc2 Nxe5 12. dxe5 Nd7 13. Rad1 Rc8 14. Qb1 Qc7 15. Qa1 a5 16. e4 Nc5 17. exd5 cxd5 18. cxd5 exd5 19. Rc1 Qb8 20. Nf3 Nd3 21. Rxc8 Rxc8 22. Bd4 Bc5 23. Bxc5 bxc5 24. Rd1 Nb4 1/2-1/2

[Event "GER-ch Seniors 65 31st"]
[Site "Radebeul"]
[Date "2019.05.01"]
[Round "6"]
[White "Moews, Harald"]
[Black "Schumacher, Ursula"]
[Result "1-0"]
[WhiteElo "1737"]
[BlackElo "1507"]
[PlyCount "122"]
[EventDate "2019.04.26"]
[EventType "swiss"]
[EventRounds "9"]
[EventCountry "GER"]
[SourceTitle "CBM 190 Extra"]
[Source "ChessBase"]
[SourceDate "2019.07.15"]
[SourceVersion "1"]
[SourceVersionDate "2019.07.15"]
[SourceQuality "1"]

1. e4 c6 2. d4 d5 3. e5 e6 4. f4 Ne7 5. Nf3 h6 6. Be3 Nf5 7. Bf2 Be7 8. Be2 Nd7 9. 0-0 a6 10. c3 c5 11. a3 c4 12. Nbd2 b5 13. Qe1 g6 14. b4 Nb6 15. g4 Ng7 16. Kg2 h5 17. h3 hxg4 18. hxg4 Na4 19. Rc1 Kd7 20. Rh1 Bb7 21. Bd1 Nb2 22. Bc2 Bc6 23. Rb1 Na4 24. Bxa4 bxa4 25. Bg3 f5 26. g5 Nh5 27. Qf2 Nxg3 28. Qxg3 Qf8 29. Rxh8 Qxh8 30. Rh1 Qg7 31. Qh3 Rg8 32. Qh7 Kc7 33. Qxg7 Rxg7 34. Rh6 Be8 35. Nf1 Bf7 36. Ne3 Kb6 37. Rh8 Rg8 38. Rh7 Rf8 39. Rg7 Kc7 40. Nh4 Kd7 41. Nxg6 Bxg6 42. Rxg6 Rh8 43. Rg7 Ke8 44. g6 Kf8 45. Rf7+ Ke8 46. Rh7 Rg8 47. g7 Kf7 48. Nd1 Bf8 49. Kf3 Bxg7 50. Nb2 Kg6 51. Rh3 Kf7 52. Nxa4 Bf8 53. Nc5 Bg7 54. Nxa6 Ra8 55. b5 Bf8 56. a4 Ra7 57. Ke2 Kg6 58. Kd2 Bh6 59. Ke3 Bg7 60. Rh1 Bf8 61. Ra1 Kf7 1-0

[Event "MVP-ch Seniors op 18th"]
[Site "Ostseebad Binz"]
[Date "2018.11.29"]
[Round "2"]
[White "Peter, Volkhard"]
[Black "Schumacher, Ursula"]
[Result "1-0"]
[WhiteElo "1736"]
[BlackElo "1526"]
[PlyCount "87"]
[EventDate "2018.11.28"]
[EventType "swiss"]
[EventRounds "9"]
[EventCountry "GER"]
[SourceTitle "CBM 188 Extra"]
[Source "ChessBase"]
[SourceDate "2019.02.26"]
[SourceVersion "1"]
[SourceVersionDate "2019.02.26"]
[SourceQuality "1"]

1. e4 c6 2. d4 d5 3. f3 e6 4. Nc3 Nd7 5. Bd3 a6 6. Nge2 Ne7 7. 0-0 c5 8. b3 cxd4 9. Nxd4 Qa5 10. Na4 b5 11. Bd2 Qc7 12. Nb2 Bb7 13. Kh1 Ng6 14. c4 Bd6 15. cxb5 Be5 16. Be3 0-0 17. Rc1 Qa5 18. Na4 Bxd4 19. Bxd4 axb5 20. Nc3 Qb4 21. Bxb5 Nde5 22. f4 Nc6 23. Bxc6 Bxc6 24. f5 exf5 25. exf5 Ne7 26. Qg4 f6 27. Rf3 Bd7 28. Rd1 Rac8 29. Rdd3 Qa3 30. Qh5 Qc1+ 31. Rd1 Qc2 32. Rf2 Rxc3 33. Rxc2 Rxc2 34. g4 Re2 35. g5 Bb5 36. g6 h6 37. Qg4 Re8 38. Kg1 Rxa2 39. Qf4 Be2 40. Rd2 Ra1+ 41. Kf2 Nc6 42. Qc7 Rf1+ 43. Kg2 Rf8 44. Rxe2 1-0

[Event "MVP-ch Seniors op 18th"]
[Site "Ostseebad Binz"]
[Date "2018.11.28"]
[Round "1"]
[White "Schumacher, Ursula"]
[Black "Nuenchert, Reinhard"]
[Result "0-1"]
[WhiteElo "1526"]
[BlackElo "1927"]
[PlyCount "75"]
[EventDate "2018.11.28"]
[EventType "swiss"]
[EventRounds "9"]
[EventCountry "GER"]
[SourceTitle "CBM 188 Extra"]
[Source "ChessBase"]
[SourceDate "2019.02.26"]
[SourceVersion "1"]
[SourceVersionDate "2019.02.26"]
[SourceQuality "1"]

1. c4 f5 2. Nc3 Nf6 3. e3 g6 4. g3 Bg7 5. Nf3 0-0 6. Bg2 d6 7. 0-0 e5 8. d4 e4 9. Ne1 c6 10. f3 exf3 11. Bxf3 Qe7 12. Rb1 Be6 13. b3 d5 14. cxd5 Nxd5 15. Nxd5 Bxd5 16. Nc2 Re8 17. Bxd5+ cxd5 18. Qf3 Qe6 19. Nb4 Rd8 20. Qf4 Nc6 21. Nxc6 Qxc6 22. Bb2 Qe6 23. Rfd1 Rac8 24. Rbc1 Bf8 25. Qe5 Qxe5 26. dxe5 Kf7 27. Rxc8 Rxc8 28. Rxd5 Ke6 29. Rd3 Bg7 30. Kg2 Bxe5 31. Bd4 a6 32. a4 Rc2+ 33. Kf3 h5 34. h3 Bxd4 35. Rxd4 Ke5 36. a5 Rc1 37. Ke2 Rb1 38. b4 0-1

[Event "GER-ch Seniors 65"]
[Site "Hamburg"]
[Date "2018.07.22"]
[Round "2"]
[White "Krueger, Detlef"]
[Black "Schumacher, Ursula"]
[Result "1-0"]
[WhiteElo "1770"]
[BlackElo "1537"]
[PlyCount "49"]
[EventDate "2018.07.21"]
[EventType "swiss"]
[EventRounds "9"]
[EventCountry "GER"]
[SourceTitle "CBM 186 Extra"]
[Source "ChessBase"]
[SourceDate "2018.08.24"]
[SourceVersion "1"]
[SourceVersionDate "2018.08.24"]
[SourceQuality "1"]

1. e4 c6 2. d4 d5 3. Nc3 dxe4 4. Nxe4 Bf5 5. Nc3 Nf6 6. Nf3 h6 7. Bc4 Nbd7 8. 0-0 e6 9. Re1 Be7 10. Qe2 0-0 11. Bf4 Re8 12. Rad1 Nd5 13. Bxd5 exd5 14. Ne5 Nf6 15. Qf3 Bxc2 16. Rd2 Bh7 17. Rde2 Bb4 18. g4 Bxc3 19. bxc3 g5 20. Bc1 Qd6 21. h4 gxh4 22. Bxh6 Be4 23. Rxe4 dxe4 24. Qf5 Rxe5 25. dxe5 1-0

[Event "Schleswig Holstein-ch Seniors op 11th"]
[Site "Buesum"]
[Date "2017.09.09"]
[Round "2"]
[White "Schumacher, Ursula"]
[Black "Schmieder, Wolfgang Ernst"]
[Result "0-1"]
[WhiteElo "1519"]
[BlackElo "1800"]
[PlyCount "48"]
[EventDate "2017.09.08"]
[EventType "swiss"]
[EventRounds "9"]
[EventCountry "GER"]
[SourceTitle "EXT 2019"]
[Source "ChessBase"]
[SourceDate "2018.10.10"]
[SourceVersion "1"]
[SourceVersionDate "2018.10.10"]
[SourceQuality "1"]

1. c4 g6 2. Nc3 Bg7 3. d4 b6 4. Nf3 Bb7 5. e4 a5 6. a4 Na6 7. g3 d6 8. Be3 Nf6 9. Bd3 Nb4 10. Bb1 Ng4 11. 0-0 Qd7 12. Kg2 h5 13. h3 Nxe3+ 14. fxe3 Bh6 15. Qe2 0-0-0 16. d5 Kb8 17. Nd4 e5 18. Nc2 Na6 19. Rf6 Bg7 20. Rf2 Bc8 21. g4 hxg4 22. hxg4 Qe7 23. Ba2 Qh4 24. Rg1 Qh3# 0-1

[Event "Rheinland Pfalz op Seniors 15th"]
[Site "Neustadt an der Weinstrasse"]
[Date "2017.07.23"]
[Round "9"]
[White "Schumacher, Ursula"]
[Black "Reimer, Karl"]
[Result "1/2-1/2"]
[WhiteElo "1506"]
[BlackElo "1565"]
[PlyCount "42"]
[EventDate "2017.07.15"]
[EventType "swiss"]
[EventRounds "9"]
[EventCountry "GER"]
[SourceTitle "EXT 2018"]
[Source "ChessBase"]
[SourceDate "2017.10.13"]
[SourceVersion "1"]
[SourceVersionDate "2017.10.13"]
[SourceQuality "1"]

1. c4 Nf6 2. Nc3 d6 3. d4 c6 4. Nf3 g6 5. g3 Bg7 6. Bg2 Nbd7 7. 0-0 Nb6 8. b3 0-0 9. Bb2 Bd7 10. Re1 Qc7 11. Qd2 e6 12. e3 Nc8 13. Rac1 Ne7 14. h3 Rab8 15. Ng5 h6 16. Nge4 Nxe4 17. Nxe4 f5 18. Nc3 Kh7 19. f4 Ng8 20. Ne2 Nf6 21. d5 c5 1/2-1/2

[Event "Rheinland Pfalz op Seniors 15th"]
[Site "Neustadt an der Weinstrasse"]
[Date "2017.07.18"]
[Round "4"]
[White "Geisert, Bernd"]
[Black "Schumacher, Ursula"]
[Result "1/2-1/2"]
[WhiteElo "1520"]
[BlackElo "1506"]
[PlyCount "114"]
[EventDate "2017.07.15"]
[EventType "swiss"]
[EventRounds "9"]
[EventCountry "GER"]
[SourceTitle "EXT 2018"]
[Source "ChessBase"]
[SourceDate "2017.10.13"]
[SourceVersion "1"]
[SourceVersionDate "2017.10.13"]
[SourceQuality "1"]

1. d4 c6 2. Nf3 d5 3. e3 Bf5 4. Bd3 Bxd3 5. Qxd3 Nf6 6. 0-0 e6 7. c4 Be7 8. Nc3 Nbd7 9. Bd2 a6 10. c5 0-0 11. b4 Qc7 12. a4 e5 13. e4 exd4 14. Nxd4 Ne5 15. Qe2 Nc4 16. f3 Nxd2 17. Qxd2 Rfd8 18. Qe3 h6 19. e5 Nh7 20. f4 Qd7 21. a5 Nf8 22. Rad1 Ne6 23. Nf5 Bf8 24. Nd6 Be7 25. Ne2 Rf8 26. Qf3 f5 27. Qh5 Bxd6 28. exd6 Rad8 29. Rf3 Kh7 30. Rfd3 d4 31. Qf3 g5 32. h3 Rg8 33. Qf2 Qg7 34. fxg5 Qxg5 35. Rg3 Qh5 36. Rd2 f4 37. Nxf4 Nxf4 38. Qxf4 Rxg3 39. Qxg3 Qd5 40. Qh4 Rg8 41. g4 Qe4 42. Qe7+ Qxe7 43. dxe7 Re8 44. Rxd4 Rxe7 45. Kf2 Kg6 46. h4 Kf6 47. Kf3 Re1 48. Kf2 Re7 49. Rd6+ Kg7 50. Rd4 Kg6 51. Kg3 Rf7 52. Rd6+ Kg7 53. h5 Rf1 54. Rd7+ Rf7 55. Rxf7+ Kxf7 56. Kf4 Kf6 57. Ke4 Ke6 1/2-1/2

[Event "Rheinland Pfalz op Seniors 15th"]
[Site "Neustadt an der Weinstrasse"]
[Date "2017.07.17"]
[Round "3"]
[White "Schumacher, Ursula"]
[Black "Ziegler, Ulrich"]
[Result "0-1"]
[WhiteElo "1506"]
[BlackElo "1751"]
[PlyCount "50"]
[EventDate "2017.07.15"]
[EventType "swiss"]
[EventRounds "9"]
[EventCountry "GER"]
[SourceTitle "EXT 2018"]
[Source "ChessBase"]
[SourceDate "2017.10.13"]
[SourceVersion "1"]
[SourceVersionDate "2017.10.13"]
[SourceQuality "1"]

1. c4 f5 2. Nc3 Nf6 3. d4 e6 4. g3 Bb4 5. Bg2 0-0 6. e3 d5 7. c5 Ne4 8. Nge2 b6 9. cxb6 cxb6 10. 0-0 Ba6 11. Re1 Bxe2 12. Rxe2 Nxc3 13. bxc3 Bxc3 14. Rb1 Ba5 15. Rc2 Nd7 16. f4 Nf6 17. Bf3 Rf7 18. Ba3 Rc7 19. Rbc1 Rac8 20. Rc6 Rxc6 21. Rxc6 Rxc6 22. g4 Rc3 23. Bc1 Nxg4 24. Bg2 Qc8 25. Bd2 Rd3 0-1

[Event "Rheinland Pfalz op Seniors 14th"]
[Site "Neustadt an der Weinstrasse"]
[Date "2016.07.23"]
[Round "8"]
[White "Schumacher, Ursula"]
[Black "Ziegler, Ulrich"]
[Result "0-1"]
[WhiteElo "1570"]
[BlackElo "1795"]
[PlyCount "92"]
[EventDate "2016.07.16"]
[EventType "swiss"]
[EventRounds "9"]
[EventCountry "GER"]
[SourceTitle "EXT 2019"]
[Source "ChessBase"]
[SourceDate "2018.10.10"]
[SourceVersion "1"]
[SourceVersionDate "2018.10.10"]
[SourceQuality "1"]

1. c4 Nf6 2. Nc3 g6 3. d4 Bg7 4. Nf3 0-0 5. g3 d5 6. cxd5 Nxd5 7. Bg2 Nc6 8. e3 Bf5 9. a3 Nf6 10. 0-0 Qd7 11. Re1 Rad8 12. b4 Ne4 13. Bb2 Nd6 14. Rc1 Nc4 15. Qb3 Nxb2 16. Qxb2 a5 17. b5 Nb8 18. a4 c6 19. Qd2 e5 20. Ne2 cxb5 21. Qxa5 bxa4 22. Rc7 Qd5 23. Qxa4 e4 24. Nd2 Na6 25. Rc2 Ra8 26. Nf4 Qd8 27. Qb3 Qa5 28. Rec1 Nb4 29. Nc4 Qa4 30. Qxa4 Rxa4 31. Nb2 Ra2 32. Rd2 Rfa8 33. Bf1 g5 34. Ng2 Bf8 35. Nc4 Rxd2 36. Nxd2 Ra2 37. Nb3 b6 38. Bc4 Nd3 39. Bxd3 exd3 40. Rd1 Bb4 41. Ne1 d2 42. Nf3 Bc2 43. Rxd2 Bxd2 44. Nbxd2 Bd1 45. Kg2 g4 46. Ne5 Rxd2 0-1

[Event "Rheinland Pfalz op Seniors 14th"]
[Site "Neustadt an der Weinstrasse"]
[Date "2016.07.21"]
[Round "6"]
[White "Lachat, Martin"]
[Black "Schumacher, Ursula"]
[Result "1-0"]
[WhiteElo "1543"]
[BlackElo "1570"]
[PlyCount "65"]
[EventDate "2016.07.16"]
[EventType "swiss"]
[EventRounds "9"]
[EventCountry "GER"]
[SourceTitle "EXT 2019"]
[Source "ChessBase"]
[SourceDate "2018.10.10"]
[SourceVersion "1"]
[SourceVersionDate "2018.10.10"]
[SourceQuality "1"]

1. c4 c6 2. Nc3 d5 3. cxd5 cxd5 4. d4 e6 5. Nf3 Be7 6. Bf4 Nc6 7. e3 a6 8. Be2 Nf6 9. h3 0-0 10. 0-0 h6 11. a3 b5 12. b4 Bb7 13. Nd2 Rc8 14. Nb3 Nxb4 15. Nc5 Bxc5 16. dxc5 Rxc5 17. Qd4 Qc8 18. Rfc1 Ne4 19. axb4 Rxc3 20. Qd1 Rxc1 21. Rxc1 Nc3 22. e4 Nxe2+ 23. Qxe2 Qa8 24. Qg4 Kh7 25. exd5 Bxd5 26. Be5 Rg8 27. Rc7 Qf8 28. Qf4 f5 29. Ra7 Qd8 30. h4 Qb6 31. Bd4 Qc6 32. Qg3 Qc4 33. Rxg7+ 1-0